000 00986nam a22003017a 4500
001 6759
003 FISKH
005 20250526150151.0
008 250526b cb ||||| |||| 00| 0 eng d
020 _a0439254043
040 _aFISKH
_beng
_cFISKH
_dFISKH
050 _aPZ8.A213 A
082 _a398.2
100 _aAardema, Verna
_d(1911–2000)
245 _aAnansi does the impossible! :
_bAn Ashanti tale /
_cRetold by Verna Aardema ; Illustrated by Lisa Desimini
250 _aThis edition first published in 2000
260 _aNew York :
_bScholastic,
_c1997
300 _a28 unnumbered pages :
_bcolor illustrations ;
_c27 cm
505 _aR
520 _aAnansi and his wife outsmart the Sky God and win back the beloved folktales of their people.
521 8 _a630
_bLexile
521 8 _aR
_bRaz-Plus
650 _2African folklore
_aSpiders
650 _2Trickster
_aLegends
700 _aDesimini, Lisa
_dillustrator
942 _2ddc
_cBK
_n0
999 _c6759
_d6759